000 01106nmm a2200325 a 4500
001 ocm0001865035
003 TR-IsHL
005 20201028172410.0
008 180603s2010 tu tur
007 cr cn
020 _a9789756138557
035 _a1865035
_b(N$T)
050 0 4 _aBP135.A1
_bS2319 2010
090 0 4 _aBP135.A1
_bS2319 2010
100 1 _aSadruddîn el-Konevî
245 1 0 _aŞerh-i hadis-i erbaîn: kırk hadis şerhi
_h[electronic resource] /
_cSadruddîn el-Konevî ; notlar ilavesiyle çeviren Ali Pekcan
250 _aBirinci basım
260 _aİstanbul :
_bGelenek Yayıncılık,
_c2010
300 _a95 p.
500 _aÖzgün yapıt adı : Şerhu'l-hadîsi'l-erbaîn fi't-tasavvuf
_x
650 4 _aFelsefe, Psikoloji ve Din
650 4 _aPhilosophy, Psychology and Religion
650 0 _aHadisler
650 0 _aHadith
650 0 _aİslam
650 0 _aIslam
650 7 _aRELIGION / Islam / Rituals & Practice
_2bisacsh
700 1 _aPekcan, Ali
856 4 0 _uhttp://search.ebscohost.com/login.aspx?direct=true&scope=site&db=e011xww&AN=1865035
999 _c17179
_d17179